<?xml version="1.0" encoding="UTF-8"?>
<record
    xmlns:xsi="http://www.w3.org/2001/XMLSchema-instance"
    xsi:schemaLocation="http://www.loc.gov/MARC21/slim http://www.loc.gov/standards/marcxml/schema/MARC21slim.xsd"
    xmlns="http://www.loc.gov/MARC21/slim">

  <leader>01492nam2a22003131  4500</leader>
  <controlfield tag="001">rc\3318911</controlfield>
  <controlfield tag="005">20250609211838.0</controlfield>
  <datafield tag="021" ind1=" " ind2=" ">
    <subfield code="a">RU</subfield>
    <subfield code="b">[74-47641]</subfield>
  </datafield>
  <datafield tag="035" ind1=" " ind2=" ">
    <subfield code="a">(NLR Aleph) 007507861</subfield>
  </datafield>
  <datafield tag="090" ind1=" " ind2=" ">
    <subfield code="a">7686355</subfield>
    <subfield code="c">7686355</subfield>
  </datafield>
  <datafield tag="100" ind1=" " ind2=" ">
    <subfield code="a">20130115d1974    |||y0rusy50      ca</subfield>
  </datafield>
  <datafield tag="101" ind1="0" ind2=" ">
    <subfield code="a">rus</subfield>
  </datafield>
  <datafield tag="102" ind1=" " ind2=" ">
    <subfield code="a">RU</subfield>
  </datafield>
  <datafield tag="105" ind1=" " ind2=" ">
    <subfield code="a">a   z   |||||</subfield>
  </datafield>
  <datafield tag="200" ind1="1" ind2=" ">
    <subfield code="a">&#x422;&#x435;&#x445;&#x43D;&#x438;&#x43A;&#x430; &#x438; &#x43F;&#x440;&#x43E;&#x438;&#x437;&#x432;&#x43E;&#x434;&#x441;&#x442;&#x432;&#x43E;</subfield>
    <subfield code="f">&#x41D;&#x430;&#x443;&#x447;. &#x440;&#x435;&#x434;. &#x417;&#x443;&#x431;&#x43A;&#x43E;&#x432; &#x411;.&#x412;., &#x425;&#x430;&#x447;&#x430;&#x442;&#x443;&#x440;&#x43E;&#x432; &#x422;.&#x421;.</subfield>
  </datafield>
  <datafield tag="210" ind1=" " ind2=" ">
    <subfield code="d">1974</subfield>
    <subfield code="a">&#x411;. &#x43C;.</subfield>
  </datafield>
  <datafield tag="215" ind1=" " ind2=" ">
    <subfield code="a">527 &#x441;.</subfield>
    <subfield code="c">&#x438;&#x43B;.</subfield>
    <subfield code="d">26</subfield>
  </datafield>
  <datafield tag="320" ind1=" " ind2=" ">
    <subfield code="a">&#x427;&#x442;&#x43E; &#x447;&#x438;&#x442;&#x430;&#x442;&#x44C; &#x43F;&#x43E; &#x442;&#x435;&#x445;&#x43D;&#x438;&#x43A;&#x435; / &#x441;&#x43E;&#x441;&#x442;. &#x412;.&#x418;. &#x41A;&#x430;&#x43F;&#x43B;&#x430;&#x43D;: &#x441;. 504-512</subfield>
  </datafield>
  <datafield tag="320" ind1=" " ind2=" ">
    <subfield code="a">&#x421;&#x43B;&#x43E;&#x432;&#x430;&#x440;&#x44C;-&#x443;&#x43A;&#x430;&#x437;.: &#x441;. 513-526</subfield>
  </datafield>
  <datafield tag="461" ind1=" " ind2="0">
    <subfield code="1">001rc\3318906</subfield>
    <subfield code="1">2001#$a&#x414;&#x435;&#x442;&#x441;&#x43A;&#x430;&#x44F; &#x44D;&#x43D;&#x446;&#x438;&#x43A;&#x43B;&#x43E;&#x43F;&#x435;&#x434;&#x438;&#x44F;$e[&#x412; 12 &#x442;.]$e&#x414;&#x43B;&#x44F; &#x441;&#x440;&#x435;&#x434;. &#x438; &#x441;&#x442;. &#x432;&#x43E;&#x437;&#x440;&#x430;&#x441;&#x442;&#x430;$f&#x413;&#x43B;. &#x440;&#x435;&#x434;. &#x41C;&#x430;&#x440;&#x43A;&#x443;&#x448;&#x435;&#x432;&#x438;&#x447; &#x410;.&#x418;.$g&#x410;&#x43A;&#x430;&#x434;. &#x43F;&#x435;&#x434;. &#x43D;&#x430;&#x443;&#x43A; &#x421;&#x421;&#x421;&#x420;$v[&#x422;.] 5</subfield>
    <subfield code="9">7686342</subfield>
    <subfield code="c">&#x41C;&#x43E;&#x441;&#x43A;&#x432;&#x430;</subfield>
    <subfield code="d">1971-</subfield>
    <subfield code="e">3-&#x435; &#x438;&#x437;&#x434;. [&#x422;.] 1-</subfield>
    <subfield code="f">&#x413;&#x43B;. &#x440;&#x435;&#x434;. &#x41C;&#x430;&#x440;&#x43A;&#x443;&#x448;&#x435;&#x432;&#x438;&#x447; &#x410;.&#x418;.</subfield>
    <subfield code="n">&#x41F;&#x435;&#x434;&#x430;&#x433;&#x43E;&#x433;&#x438;&#x43A;&#x430;</subfield>
    <subfield code="o">[&#x412; 12 &#x442;.] : &#x414;&#x43B;&#x44F; &#x441;&#x440;&#x435;&#x434;. &#x438; &#x441;&#x442;. &#x432;&#x43E;&#x437;&#x440;&#x430;&#x441;&#x442;&#x430;</subfield>
    <subfield code="t">&#x414;&#x435;&#x442;&#x441;&#x43A;&#x430;&#x44F; &#x44D;&#x43D;&#x446;&#x438;&#x43A;&#x43B;&#x43E;&#x43F;&#x435;&#x434;&#x438;&#x44F;</subfield>
    <subfield code="v">[&#x422;.] 5</subfield>
  </datafield>
  <datafield tag="606" ind1=" " ind2=" ">
    <subfield code="a">&#x422;&#x435;&#x445;&#x43D;&#x438;&#x43A;&#x430; (&#x442;. 5) (&#x434;. &#x43B;.)</subfield>
    <subfield code="2">psbo</subfield>
  </datafield>
  <datafield tag="702" ind1=" " ind2="1">
    <subfield code="a">&#x417;&#x443;&#x431;&#x43A;&#x43E;&#x432;</subfield>
    <subfield code="b">&#x411;.&#x412;.</subfield>
    <subfield code="4">340</subfield>
  </datafield>
  <datafield tag="702" ind1=" " ind2="1">
    <subfield code="4">340</subfield>
    <subfield code="7">ca</subfield>
    <subfield code="8">rus</subfield>
    <subfield code="a">&#x425;&#x430;&#x447;&#x430;&#x442;&#x443;&#x440;&#x43E;&#x432;</subfield>
    <subfield code="b">&#x422;. &#x421;.</subfield>
    <subfield code="f">1906-1989</subfield>
    <subfield code="g">&#x422;&#x438;&#x433;&#x440;&#x430;&#x43D; &#x421;&#x435;&#x440;&#x433;&#x435;&#x435;&#x432;&#x438;&#x447;</subfield>
    <subfield code="9">2642575</subfield>
    <subfield code="3">RU\NLR\AUTH\770273440</subfield>
  </datafield>
  <datafield tag="801" ind1=" " ind2="0">
    <subfield code="a">RU</subfield>
    <subfield code="b">NLR</subfield>
    <subfield code="g">psbo</subfield>
  </datafield>
  <datafield tag="801" ind1=" " ind2="1">
    <subfield code="a">RU</subfield>
    <subfield code="b">ELAR</subfield>
    <subfield code="2">rusmarc</subfield>
  </datafield>
  <datafield tag="852" ind1=" " ind2=" ">
    <subfield code="a">NLR</subfield>
    <subfield code="j">541-100/&#x414;38</subfield>
  </datafield>
  <datafield tag="942" ind1=" " ind2=" ">
    <subfield code="c">BOOK</subfield>
  </datafield>
  <datafield tag="980" ind1=" " ind2=" ">
    <subfield code="a">NB</subfield>
  </datafield>
  <datafield tag="995" ind1=" " ind2=" ">
    <subfield code="5">2013-10-26</subfield>
    <subfield code="b">NLR01</subfield>
    <subfield code="c">NLR01</subfield>
    <subfield code="e">TEMP</subfield>
    <subfield code="f">1-3676275</subfield>
    <subfield code="k">541-100/&#x414;38</subfield>
    <subfield code="o">0</subfield>
    <subfield code="r">BOOK</subfield>
    <subfield code="s">54110038_</subfield>
  </datafield>
  <datafield tag="995" ind1=" " ind2=" ">
    <subfield code="5">2014-08-29</subfield>
    <subfield code="a">aa</subfield>
    <subfield code="b">NLR01</subfield>
    <subfield code="c">NLR01</subfield>
    <subfield code="e">OZ3</subfield>
    <subfield code="f">1-653766</subfield>
    <subfield code="k">&#x41C;1 &#x42F;/&#x414;-386</subfield>
    <subfield code="o">0</subfield>
    <subfield code="r">BOOK</subfield>
    <subfield code="s">1_386</subfield>
  </datafield>
</record>
